| 000 | 00546nam a2200157 a 4500 | ||
|---|---|---|---|
| 005 | 20140412111240.0 | ||
| 008 | 010418s19uu xx 00 eng d | ||
| 020 | _a971-569-002-5 | ||
| 050 |
_aFil 398.2 _bCHO 1990 |
||
| 100 | _aChorengel, Marla Yotoko | ||
| 245 |
_aMarmol (the princess in the marble palace) / _cby Marla Yotoko Chorengel; edited by Melissa Ylanan Moran; illustrated by Albert E. Gamos. |
||
| 260 |
_aPhilippines : _bBookmark, _c1990. |
||
| 300 | _a1v. (unp.) ; ill. | ||
| 650 | _aMarble stories, Philippines | ||
| 999 |
_c102643 _d102643 |
||